| 000 | 00609nam a22001937a 4500 | ||
|---|---|---|---|
| 005 | 20251108163349.0 | ||
| 008 | 250721s1996 xx 000 0 ara d | ||
| 082 | 1 | 4 | _a343.3/عدل |
| 100 | 1 | _aخليل، عدلي | |
| 245 | 1 | 0 |
_aالبلاغ الكاذب و التعويض عنه : _bيتضمن الكتاب شرحاً وافيا ً ... / |
| 264 | 1 |
_aعمان : _bدار الكتب القانونية، _c1996. |
|
| 300 | _a271ص | ||
| 650 | 1 | 7 | _aالقانون الجنائي |
| 650 | 1 | 7 | _aالعقوبات |
| 650 | 1 | 7 | _aالجريمة |
| 650 | 1 | 7 | _aالمجرمون |
| 942 |
_2ddc _cBK |
||
| 999 |
_c803 _d803 |
||